|
|
|
|
| LEADER |
00693nam a22001811a 4500 |
| 020 |
|
|
|a 9780521646192
|
| 082 |
|
|
|a 823.009
|b DEI/V
|
| 245 |
|
|
|a The cambridge companion to the victorian novel/
|c by Deirdre David (ed.)
|
| 260 |
|
|
|a Cambridge:
|b Cambridge University Press,
|c 2000.
|
| 300 |
|
|
|a 267p.
|
| 650 |
|
|
|a Novel English Victorian period
|9 118249
|
| 650 |
|
|
|a Novel English History
|9 118250
|
| 650 |
|
|
|a Literature English
|9 118251
|
| 650 |
|
|
|a Literature
|9 118252
|
| 700 |
|
|
|a Deirdre David (ed.)
|9 118253
|
| 942 |
|
|
|c BK
|
| 999 |
|
|
|c 6549
|d 6549
|
| 952 |
|
|
|0 0
|1 0
|4 0
|6 823_009000000000000_DEI_V
|7 0
|9 9954
|a SSUS
|b SSUS
|d 2015-01-08
|g 595.00
|l 3
|o 823.009 DEI/V
|p 028153
|r 2018-02-28
|s 2018-01-31
|v 0.00
|w 2015-01-08
|y BK
|